000 00637nam a2200253Ia 4500
003 OSt
005 20221007100350.0
006 a|||||r|||| 00| 0
007 ta
008 221006b |||||||| |||| 00| 0 eng d
024 _a4,306
037 _cTextual
040 _aLCO
_cLCO
_beng
041 _2eng
_aeng
082 _aX:9582:(ZqN52), L9
100 _aDUTTA B
245 0 _aGuide to provident funds
250 _a3
260 _aCalcutta
_bInternational
_c1979
300 _a346
650 _aPROVIDENT FUND
_9254702
942 _hX:9582:(ZqN52), L9
_cTEXL
999 _c1173869
_d1173869